Proces innowacji technicznej

Saved in:
Bibliographic Details
Main Author: Budzinski, Franciszek
Format: Book
Language:Polish
Published: Kraków Politechnika 1981
Series:Zeszyty naukowe nr. 7
Nauki ekonomiczne z. 16
Tags: Add Tag
No Tags, Be the first to tag this record!

MARC

LEADER 00000nam a2200000 4500
001 c138658
005 20041019155313.7
041 0 |a pol 
044 |a PL 
245 1 0 |a Proces innowacji technicznej  |c Franciszek Budzinski 
264 1 |a Kraków  |b Politechnika  |c 1981 
300 |a 51 s. 
490 1 |a Zeszyty naukowe  |v nr. 7 
830 0 |a Zeszyty naukowe  |v nr. 7 
490 1 |a Nauki ekonomiczne  |v z. 16 
830 0 |a Nauki ekonomiczne  |v z. 16 
100 1 |a Budzinski, Franciszek